[Event "GER-chT U16"]
[Site "Aurich"]
[Date "2018.12.27"]
[Round "2.1"]
[White "Garbuz, Vitaliy"]
[Black "Kittelberger, Mattis"]
[Result "1/2-1/2"]
[WhiteElo "2119"]
[BlackElo "1790"]
[PlyCount "135"]
[EventDate "2018.12.27"]
[EventType "team-swiss"]
[EventRounds "7"]
[EventCountry "GER"]
[SourceTitle "CBM 188 Extra"]
[Source "ChessBase"]
[SourceDate "2019.02.26"]
[SourceVersion "1"]
[SourceVersionDate "2019.02.26"]
[SourceQuality "1"]
[WhiteTeam "Brackel"]
[BlackTeam "Aurich"]
[WhiteTeamCountry "GER"]
[BlackTeamCountry "GER"]

1. e4 c5 2. Nf3 e6 3. c3 Nf6 4. e5 Nd5 5. d4 cxd4 6. cxd4 d6 7. a3 Bd7 8. Bd3 Bc6 9. 0-0 Be7 10. Qe2 0-0 11. Qe4 Nf6 12. Qe2 Nd5 13. Bd2 Nd7 14. Re1 dxe5 15. dxe5 Nc5 16. Bc2 a5 17. Nc3 Qb6 18. Rab1 Rfd8 19. Nd4 Nxc3 20. Bxc3 Bd5 21. Qg4 Nb3 22. Ne2 Bc5 23. Qg3 Nd4 24. Bxd4 Bxd4 25. Bxh7+ Kxh7 26. Qh4+ Kg8 27. Qxd4 Qxd4 28. Nxd4 Ba2 29. Rbd1 Rd5 30. Nf3 Rad8 31. Rxd5 Rxd5 32. Rc1 Rb5 33. Rc2 Bb1 34. Rd2 Kf8 35. h4 Be4 36. Ng5 Rxe5 37. Re2 Rxg5 38. hxg5 Bd5 39. Rc2 Bc6 40. Rc5 a4 41. Kh2 Ke7 42. Kg3 g6 43. Kf4 Kd6 44. Ra5 b5 45. Ra7 Bd5 46. Ra6+ Kc5 47. Ke5 Bxg2 48. Kf6 Be4 49. Kxf7 Kc4 50. Rb6 Bd3 51. Rxe6 Kb3 52. Re3 Kc2 53. Rxd3 Kxd3 54. Kxg6 Kc2 55. Kh5 Kxb2 56. g6 Kxa3 57. g7 b4 58. g8Q b3 59. Qc4 b2 60. Qc3+ Ka2 61. Qd2 a3 62. Qd5+ Ka1 63. Qd4 Ka2 64. Qc4+ Ka1 65. Qb3 a2 66. Qc3 Kb1 67. Qe1+ Kc2 68. Qe2+ 1/2-1/2

[Event "GER-chT North U12"]
[Site "Magdeburg"]
[Date "2014.09.12"]
[Round "4.1"]
[White "Kittelberger, Mattis"]
[Black "Buller, Ian Joshua"]
[Result "1-0"]
[WhiteElo "1448"]
[BlackElo "1330"]
[PlyCount "53"]
[EventDate "2014.09.11"]
[EventType "team-swiss"]
[EventRounds "7"]
[EventCountry "GER"]
[SourceTitle "EXT 2016"]
[Source "ChessBase"]
[SourceDate "2015.10.08"]
[SourceVersion "1"]
[SourceVersionDate "2015.10.08"]
[SourceQuality "1"]
[WhiteTeam "Aurich"]
[BlackTeam "Ruedersdorf"]
[WhiteTeamCountry "GER"]
[BlackTeamCountry "GER"]

1. e4 c5 2. Nf3 d6 3. d4 cxd4 4. Nxd4 Nf6 5. Nc3 a6 6. Be3 g6 7. f3 Bg7 8. Qd2 0-0 9. 0-0-0 Bd7 10. Bc4 Qc7 11. Bb3 Nc6 12. g4 Rac8 13. Kb1 b5 14. h4 Ne5 15. Bg5 Nc4 16. Qh2 e5 17. Bxf6 Bxf6 18. g5 exd4 19. Nd5 Be5 20. f4 Bxf4 21. Qxf4 Qd8 22. h5 Be6 23. Nf6+ Kh8 24. hxg6 Kg7 25. Rxh7+ Kxg6 26. Rdh1 Rh8 27. R1h6# 1-0

[Event "Niedersachsen-ch U12"]
[Site "Norderney"]
[Date "2014.04.18"]
[Round "11"]
[White "Askerov, Imamali"]
[Black "Kittelberger, Mattis"]
[Result "1/2-1/2"]
[WhiteElo "1483"]
[BlackElo "1564"]
[PlyCount "57"]
[EventDate "2014.04.??"]
[EventType "swiss"]
[EventRounds "11"]
[EventCountry "GER"]
[SourceTitle "EXT 2017"]
[Source "ChessBase"]
[SourceDate "2016.10.25"]
[SourceVersion "1"]
[SourceVersionDate "2016.10.25"]
[SourceQuality "1"]

1. c4 Nf6 2. Nc3 e5 3. d3 Bb4 4. Bd2 d6 5. g3 Nc6 6. Bg2 0-0 7. a3 Ba5 8. Nf3 Bg4 9. b4 Bb6 10. e3 Qd7 11. 0-0 Qe6 12. Qc2 Rfe8 13. Ng5 Qf5 14. Nge4 Bf3 15. Nxf6+ Qxf6 16. Nd5 Bxd5 17. Bxd5 Qe7 18. Rac1 a6 19. b5 axb5 20. cxb5 Nd8 21. a4 Bc5 22. a5 c6 23. bxc6 bxc6 24. Bg2 Ra6 25. Rb1 Qa7 26. Bh3 Nb7 27. Ra1 Ra8 28. Rfb1 Nxa5 29. Qb2 1/2-1/2

[Event "Niedersachsen-ch U12"]
[Site "Norderney"]
[Date "2014.04.14"]
[Round "5"]
[White "Wolterink, Jule"]
[Black "Kittelberger, Mattis"]
[Result "0-1"]
[WhiteElo "886"]
[BlackElo "1564"]
[PlyCount "94"]
[EventDate "2014.04.??"]
[EventType "swiss"]
[EventRounds "11"]
[EventCountry "GER"]
[SourceTitle "EXT 2017"]
[Source "ChessBase"]
[SourceDate "2016.10.25"]
[SourceVersion "1"]
[SourceVersionDate "2016.10.25"]
[SourceQuality "1"]

1. c4 e5 2. Nc3 Nf6 3. g3 Bb4 4. Bg2 0-0 5. e3 Bxc3 6. bxc3 e4 7. Ne2 d6 8. d4 Nc6 9. 0-0 Bg4 10. Bb2 Qe7 11. Qc2 Na5 12. Qa4 Bxe2 13. Rfe1 Bxc4 14. Qxa5 Nd5 15. Qa4 Bd3 16. Qd1 Rac8 17. Qb3 Nb6 18. Bh3 Rcd8 19. Ba3 Qg5 20. Bg2 Rfe8 21. Rac1 Nd5 22. Qxb7 Rb8 23. Qxa7 Ra8 24. Qb7 Reb8 25. Qc6 Bb5 26. Qxb5 Rxb5 27. Bb4 Nxb4 28. cxb4 Qe7 29. Rc2 Rxb4 30. Rec1 Rc8 31. a3 Ra4 32. Ra2 d5 33. Rca1 Rca8 34. Rc2 Rxa3 35. Rac1 Ra1 36. Bf1 Rxc1 37. Rxc1 Ra2 38. Bg2 Qf6 39. Rf1 Qa6 40. h4 Ra1 41. h5 Rxf1+ 42. Bxf1 Qh6 43. g4 g6 44. Bh3 gxh5 45. gxh5 Qxh5 46. Bg2 Qg4 47. Kf1 Qd1# 0-1

[Event "Niedersachsen-ch op-B"]
[Site "Verden"]
[Date "2014.01.04"]
[Round "5"]
[White "Kittelberger, Mattis"]
[Black "Helmer, Andreas"]
[Result "1-0"]
[WhiteElo "1315"]
[BlackElo "1718"]
[PlyCount "71"]
[EventDate "2014.01.02"]
[EventType "swiss"]
[EventRounds "7"]
[EventCountry "GER"]
[SourceTitle "EXT 2016"]
[Source "ChessBase"]
[SourceDate "2015.10.08"]
[SourceVersion "1"]
[SourceVersionDate "2015.10.08"]
[SourceQuality "1"]

1. e4 e6 2. d4 d5 3. exd5 exd5 4. Nf3 Bd6 5. c4 Nf6 6. Be2 dxc4 7. Bxc4 0-0 8. 0-0 Re8 9. Be3 Be6 10. Bxe6 Rxe6 11. Nc3 c6 12. Re1 Nbd7 13. Qd2 h6 14. Bf4 Rxe1+ 15. Rxe1 Qc7 16. Be5 Re8 17. Qf4 Bxe5 18. Nxe5 Nxe5 19. Rxe5 Rxe5 20. Qxe5 Qxe5 21. dxe5 Nd5 22. Nxd5 cxd5 23. f4 Kf8 24. f5 h5 25. h3 h4 26. Kf2 d4 27. Ke2 Ke7 28. Kd3 g6 29. fxg6 fxg6 30. Kxd4 Ke6 31. Ke4 b6 32. b4 a6 33. a4 b5 34. axb5 axb5 35. Kd4 g5 36. Ke4 1-0

[Event "Niedersachsen-ch op-B"]
[Site "Verden"]
[Date "2014.01.04"]
[Round "6"]
[White "Polster, Christian"]
[Black "Kittelberger, Mattis"]
[Result "1-0"]
[WhiteElo "1753"]
[BlackElo "1315"]
[PlyCount "77"]
[EventDate "2014.01.02"]
[EventType "swiss"]
[EventRounds "7"]
[EventCountry "GER"]
[SourceTitle "EXT 2016"]
[Source "ChessBase"]
[SourceDate "2015.10.08"]
[SourceVersion "1"]
[SourceVersionDate "2015.10.08"]
[SourceQuality "1"]

1. e4 c5 2. Nf3 e6 3. d4 cxd4 4. Nxd4 a6 5. Nc3 Qc7 6. Be2 Nf6 7. 0-0 Be7 8. Be3 b5 9. a3 Bb7 10. Qd3 0-0 11. f4 d6 12. Bf3 Nbd7 13. Qe2 Rac8 14. Rad1 Nb6 15. Kh1 Nc4 16. Bc1 Nxa3 17. bxa3 Qxc3 18. e5 Nd5 19. exd6 Bxd6 20. Nxe6 Rfe8 21. Bxd5 Bxd5 22. Rxd5 Rxe6 23. Qd1 Bxa3 24. Rd3 Qf6 25. Bxa3 Ree8 26. h3 a5 27. Rb3 b4 28. Bb2 Qa6 29. Rg3 Rcd8 30. Rxg7+ Kf8 31. Qf3 Qe2 32. Rxh7 Re3 33. Rh8+ Ke7 34. Qxe2 Rxe2 35. Bf6+ Kxf6 36. Rxd8 Rxc2 37. Rb8 Kf5 38. Ra1 Rc5 39. Ra8 1-0

[Event "Niedersachsen-ch op-B"]
[Site "Verden"]
[Date "2014.01.02"]
[Round "1"]
[White "Kittelberger, Mattis"]
[Black "Schulze, Lara"]
[Result "0-1"]
[WhiteElo "1315"]
[BlackElo "1729"]
[PlyCount "104"]
[EventDate "2014.01.02"]
[EventType "swiss"]
[EventRounds "7"]
[EventCountry "GER"]
[SourceTitle "EXT 2016"]
[Source "ChessBase"]
[SourceDate "2015.10.08"]
[SourceVersion "1"]
[SourceVersionDate "2015.10.08"]
[SourceQuality "1"]

1. e4 c5 2. Nf3 Nc6 3. d4 cxd4 4. Nxd4 g6 5. Nc3 Bg7 6. Be3 Nf6 7. f3 0-0 8. Qd2 d5 9. 0-0-0 dxe4 10. Nxc6 Qxd2+ 11. Rxd2 bxc6 12. fxe4 Ng4 13. Bc5 Bh6 14. h3 Bxd2+ 15. Kxd2 Rd8+ 16. Kc1 Nh6 17. Bxe7 Re8 18. Bg5 Kg7 19. Bc4 Be6 20. Ba6 Rab8 21. g4 Rb6 22. Bd3 f6 23. Be3 Rb7 24. Rf1 Nf7 25. Bd4 Ne5 26. g5 Bxh3 27. gxf6+ Kg8 28. Rh1 Bg2 29. Rg1 Bh3 30. Rh1 Bg4 31. Rh4 Nf3 32. f7+ Rxf7 33. Rxg4 Nxd4 34. Bc4 Ne6 35. Na4 Kg7 36. Nc3 Rfe7 37. Be2 Nd4 38. Bd3 Rb8 39. Rg5 Nf3 40. Rc5 Ne5 41. Be2 Rf8 42. b3 Rf2 43. Nd1 Rxe2 44. Nc3 Re3 45. Kd2 Rf3 46. Ke2 Ref7 47. Kd2 Rf2+ 48. Kc1 Kf6 49. Kd1 Ke6 50. Kc1 Kd6 51. Ra5 Rf1+ 52. Kb2 R7f2 0-1

[Event "Niedersachsen-ch U12"]
[Site "Rotenburg"]
[Date "2013.03.29"]
[Round "11"]
[White "Laubrock, Paul"]
[Black "Kittelberger, Mattis"]
[Result "1-0"]
[WhiteElo "1671"]
[BlackElo "1111"]
[PlyCount "147"]
[EventDate "2013.03.23"]
[EventType "swiss"]
[EventRounds "11"]
[EventCountry "GER"]
[SourceTitle "EXT 2015"]
[Source "ChessBase"]
[SourceDate "2014.11.20"]
[SourceVersion "1"]
[SourceVersionDate "2014.11.20"]
[SourceQuality "1"]

1. d4 Nc6 2. Bf4 e6 3. Nf3 Nf6 4. e3 Ne4 5. Nbd2 Nxd2 6. Qxd2 d5 7. c3 Bd6 8. Bg3 0-0 9. Bd3 Qe7 10. Qe2 e5 11. dxe5 Bxe5 12. Nxe5 Nxe5 13. Bxh7+ Kxh7 14. Qh5+ Kg8 15. Qxe5 Qxe5 16. Bxe5 c6 17. 0-0-0 f6 18. Bf4 Bf5 19. Rhe1 b5 20. Bd6 Rfe8 21. Bc5 a5 22. a3 Re4 23. Rd4 Rae8 24. Kd2 Kf7 25. h3 g5 26. b3 Rh4 27. f3 Bg6 28. Bd6 Ke6 29. Bg3 Rxd4+ 30. exd4+ Kf5 31. Rxe8 Bxe8 32. a4 bxa4 33. bxa4 c5 34. dxc5 Bxa4 35. Bc7 Bc6 36. Bxa5 Kf4 37. Bc7+ Kf5 38. Ke3 Bb5 39. Bd8 Bc6 40. g3 Bb5 41. Bc7 Bf1 42. h4 gxh4 43. gxh4 Bb5 44. Bd6 Be8 45. Kd4 Ke6 46. f4 f5 47. c4 dxc4 48. Kxc4 Kd7 49. Kd5 Bf7+ 50. Ke5 Bh5 51. Kxf5 Bf7 52. Kf6 Be8 53. Kg7 Ke6 54. Kh6 Kf5 55. h5 Ke6 56. Kg5 Kf7 57. Kf5 Kg7 58. Kg5 Kh7 59. f5 Kg7 60. f6+ Kh7 61. h6 Kg8 62. Kf5 Bd7+ 63. Ke5 Kh8 64. Bf8 Be8 65. Kd6 Kg8 66. Bg7 Kh7 67. Ke7 Bf7 68. c6 Bg6 69. c7 Bf7 70. c8Q Be8 71. Kxe8 Kg8 72. Qe6+ Kh7 73. Qf5+ Kg8 74. h7# 1-0

[Event "Niedersachsen-ch U12"]
[Site "Rotenburg"]
[Date "2013.03.28"]
[Round "10"]
[White "Kittelberger, Mattis"]
[Black "Lau, Theodor"]
[Result "0-1"]
[WhiteElo "1111"]
[BlackElo "1339"]
[PlyCount "50"]
[EventDate "2013.03.23"]
[EventType "swiss"]
[EventRounds "11"]
[EventCountry "GER"]
[SourceTitle "EXT 2015"]
[Source "ChessBase"]
[SourceDate "2014.11.20"]
[SourceVersion "1"]
[SourceVersionDate "2014.11.20"]
[SourceQuality "1"]

1. e4 e5 2. Nf3 Nc6 3. d4 exd4 4. Bc4 d6 5. 0-0 Nf6 6. Re1 Bg4 7. h3 Bh5 8. c3 Ne5 9. Be2 d3 10. Bxd3 Bxf3 11. gxf3 Qd7 12. Bf1 Be7 13. Bf4 0-0-0 14. Bxe5 dxe5 15. Qxd7+ Rxd7 16. Bc4 Bc5 17. Kf1 Nh5 18. Kg2 Nf4+ 19. Kg3 Rd6 20. Rf1 Rh6 21. h4 Be7 22. Bxf7 Rf8 23. Bc4 Rxh4 24. Na3 Rh3+ 25. Kg4 h5# 0-1

[Event "Niedersachsen-ch U12"]
[Site "Rotenburg"]
[Date "2013.03.25"]
[Round "4"]
[White "Schicksnus, Daniel Leon"]
[Black "Kittelberger, Mattis"]
[Result "0-1"]
[WhiteElo "1093"]
[BlackElo "1111"]
[PlyCount "126"]
[EventDate "2013.03.23"]
[EventType "swiss"]
[EventRounds "11"]
[EventCountry "GER"]
[SourceTitle "EXT 2015"]
[Source "ChessBase"]
[SourceDate "2014.11.20"]
[SourceVersion "1"]
[SourceVersionDate "2014.11.20"]
[SourceQuality "1"]

1. f4 d5 2. e3 Nc6 3. Nf3 Bg4 4. Be2 e6 5. 0-0 Nf6 6. b3 Bc5 7. Bb2 Qe7 8. Qe1 0-0-0 9. d4 Bd6 10. Bb5 Nb4 11. Qe2 a6 12. Bd3 Ne4 13. Nbd2 Nf6 14. Ba3 Nxd3 15. Bxd6 Qxd6 16. Qxd3 Bxf3 17. Nxf3 Ne4 18. Ne5 Rhf8 19. c4 f6 20. Nf3 Rde8 21. Nd2 Nxd2 22. Qxd2 e5 23. fxe5 fxe5 24. Rxf8 Rxf8 25. c5 Qf6 26. b4 exd4 27. exd4 c6 28. h3 Qh4 29. Rf1 Rxf1+ 30. Kxf1 Qe4 31. Kf2 Qh4+ 32. Kg1 Qg3 33. Qc2 Qe1+ 34. Kh2 Qxb4 35. Qxh7 Qxd4 36. Qf5+ Kb8 37. Qf8+ Ka7 38. Qe7 Qc3 39. h4 d4 40. Qxg7 Qxc5 41. Qg4 d3 42. h5 Qe5+ 43. Kh3 Qe3+ 44. g3 d2 45. h6 Qxh6+ 46. Kg2 Qe3 47. Kf1 Qe1+ 48. Kg2 d1Q 49. Qxd1 Qxd1 50. Kh3 Qh5+ 51. Kg2 Qg4 52. Kf2 c5 53. Ke3 Qxg3+ 54. Kd2 Qa3 55. Kc2 Qxa2+ 56. Kc3 Qa4 57. Kb2 Qc4 58. Kb1 Qe2 59. Kc1 Kb6 60. Kb1 Kb5 61. Kc1 Kb4 62. Kb1 Kb3 63. Ka1 Qd1# 0-1